World Cup 2014 head-coaches by nationality - Statistics

General Stats
  • This quiz has been taken 493 times
  • The average score is 15 of 19
Answer Stats
Hint Answer % Correct
4 Germany (Finke, Hitzfeld, Löw, Klinsmann)
96%
1 Spain (Del Bosque)
94%
2 France (Lamouchi, Deschamps)
93%
1 Brazil (Scolari)
92%
3 Argentina (Sampaoli, Pekerman, Sabella)
91%
1 England (Hodgson)
90%
3 Italy (Zaccheroni, Prandelli, Capello)
90%
3 Portugal (Santos, Queiroz, Bento)
86%
1 Netherlands (Van Gaal)
82%
1 Mexico (Herrera)
78%
1 Belgium (Wilmots)
74%
1 Australia (Postecoglou)
68%
1 Croatia (Kovac)
66%
1 South Korea (Myung-Bo)
66%
1 Uruguay (Tabarez)
66%
3 Colombia (Pinto, Rueda, Suarez)
63%
1 Nigeria (Keshi)
62%
1 Ghana (Appiah)
57%
2 Bosnia (Susic, Halilodzic)
56%
No matching quizzes found
Score Distribution
Percent of People with Each Score
Percentile by Number Answered
Your Score History
You have not taken this quiz